Les 12 coups de midi | Coup fatal #10 - Statistiques

Statistiques générales
  • Ce quiz a été pris 438 fois
  • Le résultat moyen est 6 sur 16
Statistiques - réponses
Questions Réponses % Correct
Quel roi français a été exécuté place de la Concorde avant sa femme ? Louis XVI
94%
Au Monopoly classique, de quelle couleur sont les hôtels ? rouge
84%
Selon l'expression, que prend-on aussi avec ses cliques ? claques
78%
Dans quel pays d'Europe se situe l'Etat du Vatican ? Italie
75%
Dans quelle boule une voyante lit-elle l'avenir ? boule de cristal
56%
Quel est le prénom de la "Belle au Bois dormant" ? Aurore
55%
Quel est le chef-lieu de la Lorraine ? Metz
53%
Quel comédien incarne Victor Pivert dans "Les Aventures de Rabbi Jacob" ? Louis de Funès
35%
Quel hebdomadaire est parfois surnommé "le palmipède" ? Le Canard enchaîné
22%
Dans quelle série croise-t-on Penny, serveuse au Cheesecake Factory ? The Big Bang Theory
16%
Quel acronyme désigne le juge qui statue sur la garde des enfants ? JAF
15%
Qui incarne le duc d'Aquitaine dans la série "Kaamelott" ? Alain Chabat
7%
Qui a réalisé en 1956, "L'Homme qui en savait trop" ? Alfred Hitchcock
6%
Quel graveur est connu notamment pour ses illustrations des oeuvres de Rabelais ? Gustave Doré
3%
Quel acteur partage l'affiche avec Jean-Paul Belmondo dans "100 000 dollars au soleil" ? Lino Ventura
2%
Dans quelle pièce de William Shakespeare le personnage de Prospero apparait-il ? La Tempête
1%
Aucun quiz correspondant
Distribution des résultats
% des personnes avec chaque résultat
Percentile par nombre de réponses
Votre historique - résultats
Vous n’avez pas pris ce quiz